000 00818nam a22002297a 4500
005 20250417122633.0
008 250417b |||||||| |||| 00| 0 eng d
020 _a978-81-972121-9-2 (hbk)
037 _cTB
040 _aCRL
_cCRL
041 _2pun
_apun
084 _aO153,6x R4
_qCRL
100 _aਸਿੰਘ, ਬਲਦੇਵ
245 _aਨਗਰ -ਮਹਾਂਨਗਰ
260 _aਚੰਡੀਗਢ, ਭਾਰਤ:
_bਲੋਕਗੀਤ ਪ੍ਰਕਾਸ਼ਨ,
_c2024.
300 _a211 ਪ.
365 _b350.00
_cINR
650 _aਪੰਜਾਬੀ ਸਹਿਤ
650 _aਪੰਜਾਬੀ ਨਿਬੰਧ
942 _2CC
_cTB
_hO153,6x R4
_n0
999 _c1309098
_d1309098